00596 a2200205 4500260001000000630009900010037001300109650002800122100002000150260001100170245007400181300001100255650005500266260000900321300001000330100000700340037001200347250001300359020001800372 aParis a65 - Gestion et organisation de lindustrie, du commerce, de la communication et des transports b1, Achat a6 - SCIENCES APPLIQUEES aAbécassis, S. bAENGDE aExercices et corrigés de comptabilité générale. 2, corrigés a314 p. aComptabilité générale : exercices corrigés c1988 b24 cm lFr aDE 8538 a3e éd. a2-90363-054-2